000 00410nam a22001697a 4500
005 20160621164325.0
008 160621b xxu||||| |||| 00| 0 eng d
020 _a978-81-265-2051-0
041 _aeng
082 _b8809
100 _aSilkerschatz.Abraham and others
_92425
245 _aOperation System concepts
260 _bWily
300 _a921
650 _aInformation Technology
_9137
942 _cBK
999 _c3436
_d3435